000 00208 a2200097 4500
001 5651
100 _aMacfarlane,AGJ
245 _aEngineering systems analysis
260 _a
_bHarrap
_c
090 _c4640
_d4640
942 _aNUST-CAE
_cM
_c30979
999 _c240724
_d240724